| 000 | 00585nam a22002057a 4500 | ||
|---|---|---|---|
| 003 | OSt | ||
| 005 | 20210414104312.0 | ||
| 008 | 210310s1960 ||||| |||| 00| 0 eng d | ||
| 040 |
_aeng _beng _cDLC |
||
| 041 | _aeng | ||
| 080 |
_a821.111 _bA-11 |
||
| 100 |
_91340 _aAarons S. Edward |
||
| 245 |
_aHell to Eternity _c/ by: Fawcett Publications Inc |
||
| 260 |
_aGreenwich, Conn _bFawcett Publications Inc _c1960 |
||
| 300 | _a158 p. | ||
| 365 | _b0.4 usd | ||
| 650 | 0 |
_9247 _aEnglish literature |
|
| 653 | _aინგლისური ლიტერატურა | ||
| 942 |
_2udc _cBK |
||
| 999 |
_c2116 _d2116 |
||